000 00769nam a2200217 a 4500
008 120416s1996 ||||||||||||||||| || u
020 _a0340645881
050 _aQA 76.73.P2 Hah
100 _aKemp, Ray
245 1 0 _aPascal for students : including Turbo Pascal. (3rd ed)
250 _a3rd ed.
260 _aLondon:
_bArnold
_c1996
300 _axi, 371 p. : ill.
350 _a0.00
500 _aRevision of: Pascal for students / R. Kemp. 2nd ed. 1987.
650 _aTURBO PASCAL (COMPUTER FILE)
650 _aPASCAL (COMPUTER PRAGRAM LANGUAGE)
650 _aCOMPUTERS
700 _aHahn, Brian D
995 _D0.00
_FCBU-MAIN LIBRARY (Kitwe)
_H1
_I12.95
_M1
_ULOST
_ZMain Library Open Access Collection
999 _c53171
_d53171